00534nam a2200169Ia 450000500170000000800410001702000150005808200130007310000260008624500500011226000450016230000130020750000280022094200060024895200950025499900150034920250519022643.0240331s9999 xx 000 0 und d a9559580019 a301bSOO aSooriyapperuma, J.R.P 0aRajamawatha :b21vana siyawasata perawadanak aColombobDayawansa jayakody & sonsc1995 a154 p ., aKings Street - 2nd Part cL 001040708LaWERCLbWERCLcSSCd2024-03-31l0o 301 SOOp3839r2024-03-31w2024-03-31yL c1040d1040